Cars by Picture - Statistics

General Stats
  • This quiz has been taken 2,732 times
  • The average score is 9 of 16
Answer Stats
Picture Answer % Correct
Volkswagen Beetle
89%
Toyota Prius
81%
Chevrolet Camaro
80%
Ford GT
78%
Mercedes-Benz G-Class
78%
Audi TT
74%
Ferrari F40
74%
Tesla Model 3
67%
Lamborghini Countach
64%
Morris Mini-Minor
64%
BMW i3
61%
Nissan Micra
46%
Citroen 2CV
27%
Hyundai Tucson
19%
Lada Niva
19%
Rolls-Royce Silver Shadow
11%
No matching quizzes found
Score Distribution
Percent of People with Each Score
Percentile by Number Answered
Your Score History
You have not taken this quiz